| 000 | 00576nam a22002171 4500 | ||
|---|---|---|---|
| 999 |
_c3026 _d3026 |
||
| 001 | 3585152 | ||
| 003 | GBCCL | ||
| 005 | 20241126110445.0 | ||
| 008 | 790611s1962 nyu 000 0 eng | ||
| 010 | _a 62011030 | ||
| 040 |
_aDLC _cDLC _dDLC |
||
| 050 | 0 | 0 |
_aBV770 _b.P6 |
| 082 | 0 | 0 |
_a254.8 _bPOW |
| 100 | 1 |
_aPowell, Luther P. _96287 |
|
| 245 | 1 | 0 | _aMoney and the church. |
| 260 |
_aNew York, _bAssociation Press _c[1962] |
||
| 300 |
_a252 p. _c21 cm. |
||
| 650 | 0 |
_aChurch finance _xHistory. _96288 |
|
| 906 |
_a7 _bcbc _corignew _du _eocip _f19 _gy-gencatlg |
||
| 942 |
_2ddc _cBK |
||